Statistiques concernant Les œuvres de Victor Hugo

Cliquez ici pour prendre le quiz!

Statistiques générales

  • Ce quiz a été pris 402 fois
  • Le résultat moyen est 10 sur 66

Statistiques - réponses

Année de publicationTitre de l'œuvre% Correct
1862Les Misérables
96%
1831Notre-Dame de Paris
78%
1856Les Contemplations
62%
1829Le dernier jour d'un condamné
53%
1830Hernani
50%
1838Ruy Blas
50%
1874Quatrevingt-treize
37%
1869L'Homme qui rit
36%
1866Les Travailleurs de la mer
32%
1853Les Châtiments
31%
1834Claude Gueux
29%
1859-1883La Légende des siècles
27%
1827Cromwell
21%
1877L'Art d'être grand-père
19%
1833Lucrèce Borgia
19%
1852Napoléon le Petit
19%
1818Bug-Jargal
16%
1823Han d'Islande
15%
1829Les Orientales
15%
1887, 1900Choses vues
12%
1832Le roi s'amuse
12%
1831Les Feuilles d'automne
11%
1833Marie Tudor
11%
1831Marion de Lorme
11%
1826Odes et Ballades
11%
1880L'Âne
10%
1872L'Année terrible
10%
1840Les Rayons et les Ombres
10%
1864William Shakespeare
10%
1843Les Burgraves
9%
1835Angelo, tyran de Padoue
8%
1891Dieu
8%
1875Actes et paroles - Avant l'exil
7%
1875Actes et paroles - Pendant l'exil
7%
1896, 1898Correspondances
7%
1836La Esmeralda
7%
1886La Fin de Satan
7%
1842Le Rhin
7%
1865Les Chansons des rues et des bois
7%
1835Les Chants du crépuscule
7%
1881Les Quatre Vents de l'esprit
7%
1837Les Voix intérieures
7%
1876Actes et paroles - Depuis l'exil
6%
1828Amy Robsart
6%
1877-1878Histoire d'un crime
6%
1816Irtamène
6%
1878Le Pape
6%
1882Torquemada
6%
1890Alpes et Pyrénées
5%
1818A.Q.C.H.E.B. (A quelque chose hasard est bon)
5%
1834Étude sur Mirabeau
5%
1819Inez de Castro
5%
1964Lettres à Juliette Drouet
5%
1855Lettres à Louis Bonaparte
5%
1834Littérature et philosophie mêlées
5%
1874Mes fils
5%
1880Religions et religion
5%
1892France et Belgique
4%
1879La Pitié suprême
4%
1883L'Archipel de la Manche
4%
1934Mille francs de récompense
4%
1951Pierres
4%
1901Post-scriptum de ma vie
4%
1886Théâtre en liberté
4%
1939Le château du diable
3%
1867Paris-Guide
3%

Distribution des résultats

Percentile par nombre de réponses

% des personnes avec chaque résultat

Votre développement - résultats

Vous n’avez pas pris ce quiz